|
|
|
|
| LEADER |
01072nab#a2200325#ar4500 |
| 001 |
000099413 |
| 003 |
SVKKK |
| 005 |
20100203103552.0 |
| 008 |
080512d1910 xo |||||||||||||||b|hun |
| FMT |
|
|
|
| 038 |
|
|
|a SVKKK
|
| 040 |
|
|
|a SVKKK
|b slo
|e AACR2
|
| 044 |
|
|
|a xo
|c SK
|
| 080 |
|
|
|a 282:061.2
|2 1997
|
| 080 |
|
|
|a 061.2
|2 1997
|
| 242 |
1 |
0 |
|a Kruh spoločenskej práce
|b nová sekcia katolíckej ľudovej jednoty
|y slo
|
| 245 |
1 |
2 |
|a A társadalmi munka köre
|b a Kath. Népszovetség uj osztálya
|
| 500 |
|
|
|a Er 73/Ba 2010
|
| 520 |
2 |
|
|a Výzva k vidieckemu obyvateľstvu, aby vstupovali do katolíckej ľudovej jednoty. V rámci nej by si mali získať na vidieku miestnosti, kde by sa mohli schádzať, vzdelávať a prevádzať drobné remeselné práce
|
| 650 |
0 |
4 |
|a katolícka ľudova jednota
|x vzdelávanie
|z Uhorsko
|z 1910
|
| 655 |
|
4 |
|a hungariká
|
| 773 |
0 |
|
|t Felvidéki Ujság
|g Roč. 5, č. 286 (14.12.1910), s. 1 a 2
|
| 957 |
|
|
|a Uhorsko
|
| 958 |
|
|
|a DG
|
| 958 |
|
|
|a HU
|
| 974 |
|
|
|a Ba
|
| 992 |
|
|
|a RBX
|
| 997 |
|
|
|d Uhorsko
|
| BAS |
|
|
|
| 998 |
|
|
|a RETRO
|